Online Catalogue and eLibrary

On the Ayodhya Judgement of the Allahabad High Court (Record no. 5696)

MARC details
000 -LEADER
fixed length control field 00415nam a2200169Ia 4500
005 - DATE AND TIME OF LATEST TRANSACTION
control field 20240604005441.0
008 - FIXED-LENGTH DATA ELEMENTS--GENERAL INFORMATION
fixed length control field 240331s9999 xx 000 0 und d
020 ## - INTERNATIONAL STANDARD BOOK NUMBER
ISBN 9789380536156
082 ## - DDC Classification
Item Number - Author Mark AYO
Class No. 345
245 #0 - TITLE STATEMENT
Title On the Ayodhya Judgement of the Allahabad High Court
260 ## - PUBLICATION, DISTRIBUTION, ETC.
Place of publication, distribution, etc. New Delhi
Name of publisher, distributor, etc. SAHMAT
Date of publication, distribution, etc. 2010
300 ## - PHYSICAL DESCRIPTION
Extent (e.g. Volumes, Pages etc.) 64 p .,
650 ## - SUBJECT ADDED ENTRY--TOPICAL TERM
Topical term or geographic name entry element History
650 ## - SUBJECT ADDED ENTRY--TOPICAL TERM
Topical term or geographic name entry element Law
650 ## - SUBJECT ADDED ENTRY--TOPICAL TERM
Topical term or geographic name entry element Human rights
942 ## - Koha item type (Biblio)
Koha item type Books in Stacks (Lending)
Holdings
Lost status Damaged status Collection code Home library Current library Shelving location Date acquired Full call number Accession Number Item type
    Lending WERC Library WERC Library Social Science Cupboard 03/31/2024 345 AYO 6674 Books in Stacks (Lending)

© WERC Library